Zdravotná starostlivosť a teória verejnej voľby
Zdravotné služby vystupujú z hľadiska ekonómie ako zmiešané kolektívne statky a nemožno na ne uplatniť v plnej miere trhový mechanizmus. Štátne zásahy sú potrebné najmä preto, že pôsobí nekonkurenčnosť trhu zdravotníckych služieb, zlyháva informovanosť na trhu týchto služieb, pôsobí faktor neistoty,...
Na minha lista:
| Autor principal: | |
|---|---|
| Formato: | Capítulo de Livro |
| Idioma: | eslovaco |
| Assuntos: | |
| Tags: |
Sem tags, seja o primeiro a adicionar uma tag!
|
MARC
| LEADER | 00000nla$a2200000$$$4500 | ||
|---|---|---|---|
| 001 | 0108404 | ||
| 005 | 20240502072210.0 | ||
| 041 | 0 | |a slo | |
| 044 | |a SK | ||
| 245 | 1 | 0 | |a Zdravotná starostlivosť a teória verejnej voľby |c Michaela Pechová |
| 520 | |a Zdravotné služby vystupujú z hľadiska ekonómie ako zmiešané kolektívne statky a nemožno na ne uplatniť v plnej miere trhový mechanizmus. Štátne zásahy sú potrebné najmä preto, že pôsobí nekonkurenčnosť trhu zdravotníckych služieb, zlyháva informovanosť na trhu týchto služieb, pôsobí faktor neistoty, externé efekty, ako aj faktor rovnosti a spravodlivosti a sú tu statky pod ochranou. Produkcia zdravotných služieb má služobný charakter. Úloha štátu, miera jeho spoluúčasti na financovaní zdravotnej starostlivosti. | ||
| 610 | 2 | 0 | |a zdravotníctvo |
| 610 | 2 | 0 | |a služby |
| 610 | 2 | 0 | |a statky verejné |
| 610 | 2 | 0 | |a statky súkromné |
| 610 | 2 | 0 | |a štát |
| 610 | 2 | 0 | |a financovanie |
| 100 | 1 | |a Pechová, Michaela, 1977- | |